Estrategia regional de desarrollo: región de Valparaíso

Guardat en:
Dades bibliogràfiques
Autor corporatiu: Gobierno Regional (Autor), MIDEPLAN (Autor), SERPLAC (Autor)
Format: Llibre
Idioma:espanyol
Publicat: Valparaíso Mideplan 2001
Matèries:
Etiquetes: Afegir etiqueta
Sense etiquetes, Sigues el primer a etiquetar aquest registre!

MARC

LEADER 00000nam a2200000 a 4500
001 UCM2664
003 CL-VaPUC
008 020613e20011200CL |||||||||||||||||spa|d
082 0 4 |a 338.98324  |b GOB  |2 21 
110 2 |a Gobierno Regional  |e author  |9 469380 
710 2 |a MIDEPLAN  |e author  |9 469381 
710 2 |a SERPLAC  |e author  |9 469382 
245 1 0 |a Estrategia regional de desarrollo: región de Valparaíso 
246 1 0 |a Documento aprobado por el Consejo Regional, marzo de 2001 
300 |a 142 p 
942 |c BK 
945 |d 20020613 00:00:00  |a vberengu 
260 |a Valparaíso  |b Mideplan  |c 2001 
500 |a La provincia de Isla de Pascua hasta septiembre de 2003, formó parte de la administración de la provincia 
600 0 7 |a ALLARD NEUMANN, RAUL  |2 CL-VaPUC  |9 469383 
600 0 7 |a FONDO NACIONAL DE DESARROLLO REGIONAL  |2 CL-VaPUC  |9 469384 
600 0 7 |a FNDR  |2 CL-VaPUC  |9 469385 
650 0 |a Desarrollo económico y social   |9 256320 
650 0 |a Planificación del desarrollo  |9 326796 
650 7 |a POLITICA DE DESARROLLO  |2 CL-VaPUC  |9 335853 
650 0 |a Desarrollo regional  |9 354599 
650 7 |a ESTRATEGIAS DE DESARROLLO  |2 CL-VaPUC  |9 469386 
650 0 |a Ordenamiento territorial  |9 469387 
650 7 |a PLAN REGULADOR  |2 CL-VaPUC  |9 410762 
650 0 |a Turismo  |9 308920 
650 0 |a Pueblos indígenas   |9 357564 
650 0 |a Valparaíso histórico  |9 266586 
651 7 |a CHILE  |2 CL-VaPUC  |9 469388 
651 0 |a Región 05  |9 267528 
651 0 |a Valparaíso, Chile  |9 261144 
583 |a last modification  |c 20160929 08:17:14  |k Rodrigo Vera 
999 |c 300394  |d 300392 
952 |0 0  |1 0  |4 0  |6 338_983240000000000_GOB_2001  |7 0  |8 F  |9 358093  |a BIBING  |b BIBING  |d 2019-11-21  |i 381856K  |o 338.98324 GOB 2001  |p 381856K  |r 2025-01-20  |w 2019-11-21  |y BK_F  |k GEO 
952 |0 0  |1 0  |4 0  |6 338_983240000000000_GOB_2001  |7 0  |8 X  |9 358094  |a FDOBUD  |b FDOBUD  |d 2019-11-21  |i 1083341  |o 338.98324 GOB 2001  |p 1083341  |r 2019-11-21  |w 2019-11-21  |y BK_X  |k BUD 
952 |0 0  |1 0  |4 0  |6 338_983240000000000_GOB_2001  |7 0  |8 X  |9 358095  |a FDOBUD  |b FDOBUD  |d 2019-11-21  |i 4682157  |o 338.98324 GOB 2001  |p 4682157  |r 2019-11-21  |w 2019-11-21  |y BK_X  |k BUD